[Event "Saarland-ch B 89th"]
[Site "Stennweiler"]
[Date "2014.04.16"]
[Round "6"]
[White "Labisch, Andrzej"]
[Black "Jungfleisch, Dieter"]
[Result "1-0"]
[WhiteElo "1418"]
[BlackElo "1401"]
[PlyCount "97"]
[EventDate "2014.04.11"]
[EventType "swiss"]
[EventRounds "9"]
[EventCountry "GER"]
[SourceTitle "EXT 2016"]
[Source "ChessBase"]
[SourceDate "2015.10.08"]
[SourceVersion "1"]
[SourceVersionDate "2015.10.08"]
[SourceQuality "1"]

1. d4 d5 2. c4 c6 3. cxd5 cxd5 4. Nc3 Nc6 5. Nf3 Nf6 6. Bf4 Bg4 7. e3 a6 8. Bd3 h6 9. h3 Bh5 10. g4 Bg6 11. Bxg6 fxg6 12. Qd3 g5 13. Bxg5 hxg5 14. Qg6+ Kd7 15. Nxg5 Rh6 16. Qf5+ Ke8 17. Ne6 Qd7 18. Nxd5 Kf7 19. Ndc7 Rc8 20. Qf4 g5 21. Nxg5+ Kg8 22. Nge6 Rh7 23. h4 Nb4 24. 0-0 Nbd5 25. Qg5+ Bg7 26. Nxd5 Nxd5 27. Nc5 Qc6 28. Rac1 Nf6 29. Rc3 Qf3 30. Rfc1 Rc6 31. Nd3 Re6 32. Ne5 Rxe5 33. dxe5 Ne4 34. Rc8+ Kf7 35. Qf4+ Qxf4 36. exf4 Rxh4 37. f3 Rh3 38. fxe4 Rf3 39. Rf1 Rg3+ 40. Kf2 Rxg4 41. Ke3 Rg6 42. Rc7 Rb6 43. b3 Ke6 44. f5+ Kxe5 45. Rxe7+ Kf6 46. Rc7 Bh6+ 47. Kf3 Bf8 48. Rd1 Bd6 49. Rh7 1-0

[Event "Saarland-ch B 85th"]
[Site "Homburg"]
[Date "2010.03.28"]
[Round "2"]
[White "Huebschen, Mike"]
[Black "Jungfleisch, Dieter"]
[Result "1-0"]
[WhiteElo "1553"]
[BlackElo "1455"]
[PlyCount "111"]
[EventDate "2010.03.28"]
[EventType "swiss"]
[EventRounds "9"]
[EventCountry "GER"]
[SourceTitle "EXT 2011"]
[Source "ChessBase"]
[SourceDate "2010.11.26"]
[SourceVersion "1"]
[SourceVersionDate "2010.11.26"]
[SourceQuality "1"]

1. g3 d5 2. Nf3 Nf6 3. Bg2 Bf5 4. d3 h6 5. Nbd2 Nc6 6. c4 e6 7. 0-0 Be7 8. cxd5 exd5 9. Re1 0-0 10. a3 Re8 11. b4 a6 12. Nb3 Be6 13. Bb2 Na7 14. Ne5 c6 15. Nd4 Bd6 16. Nxe6 Rxe6 17. d4 Bxe5 18. dxe5 Nd7 19. f4 Nb5 20. a4 Nc7 21. Bd4 Qf8 22. Bh3 Re7 23. e3 Ne6 24. f5 Ng5 25. Bg2 Ree8 26. e4 Qxb4 27. exd5 c5 28. e6 cxd4 29. h4 Nxe6 30. fxe6 fxe6 31. dxe6 Nf6 32. Rb1 Qc3 33. Rb3 Qc5 34. Qd3 Re7 35. Rxb7 Rxb7 36. Bxb7 Ra7 37. Bxa6 Qb4 38. Rb1 Qd6 39. Bb5 Kf8 40. Rc1 Qxe6 41. Qxd4 Re7 42. Rf1 Qe3+ 43. Qxe3 Rxe3 44. Kg2 Ra3 45. Rf3 Ra2+ 46. Rf2 Ra3 47. g4 Ke7 48. Rf3 Ra2+ 49. Kg3 Kd6 50. g5 hxg5 51. hxg5 Ne4+ 52. Kf4 Nc5 53. Kf5 Rg2 54. Ra3 Ke7 55. Re3+ Kf8 56. Kg6 1-0